000 00379nam a2200157Ia 4500
008 221030s9999 xx 000 0 und d
020 _a817866710x
041 _aEnglish
082 _a105.23
_bLal
100 _aS. P. Gupta
245 0 _aStatistical Methods
_cby S. P. Gupta
260 _bS. Chand & Co
_aNew Delhi
_c2003
300 _a1432
650 _aManagement
942 _cBK
999 _c1389
_d1389